header

HRM and job performance incentives (Record no. 102501)

MARC details
000 -LEADER
fixed length control field 01272nam a2200301Ia 4500
245 00 - TITLE STATEMENT
Title HRM and job performance incentives
260 ## - PUBLICATION, DISTRIBUTION, ETC. (IMPRINT)
Place of publication Bradford, England :
Name of publisher Emerald Group Publishing,
Year of publication c2005.
300 ## - PHYSICAL DESCRIPTION
Number of Pages 142 p.
490 0# - SERIES STATEMENT
Series statement International journal of manpower: an interdisciplinary journal on human resources, management and labour economics ;
650 #0 - SUBJECT ADDED ENTRY--TOPICAL TERM
Topical Term Performance standards.
Topical Term Personnel management.
700 1# - ADDED ENTRY--PERSONAL NAME
Personal name Mahy, Benoit.
Personal name Plasman, Robert.
Personal name Rycx, Francois.
856 40 - ELECTRONIC LOCATION AND ACCESS
Uniform Resource Identifier http://site.ebrary.com/lib/rucke/Doc?id=10103417

No items available.

© 2026 Rongo University
Contact us: librarian | system librarian | Rongo university